logo

Bir Sreshtho Munshi Abdur Rouf Library
Jhenaidah Cadet College

তথ্য ও যোগাযোগ প্রযুক্তি একাদশ -দ্বাদশ শ্রেণি / (Record no. 5586)

MARC details
000 -LEADER
fixed length control field 00932nam a2200241 a 4500
001 - CONTROL NUMBER
JCCL Control Number 5586
003 - CONTROL NUMBER IDENTIFIER
JCCL marc code BD-JhCC
005 - DATE AND TIME OF LATEST TRANSACTION
control field 20171221084537.0
008 - FIXED-LENGTH DATA ELEMENTS--GENERAL INFORMATION
fixed length control field 171218s2013 bg a|||| ||a| 000 0 ben d
035 ## - SYSTEM CONTROL NUMBER
system control number (BD-JhCC)5586
040 ## - CATALOGING SOURCE
Original cataloging agency BD-JhCC
Modifying agency BD-JhCC
041 ## - LANGUAGE CODE
Language code of Book ben
082 ## - DEWEY DECIMAL CLASSIFICATION NUMBER
Classification number 004
Author mark and Year ISL 2013
100 ## - MAIN ENTRY--PERSONAL NAME
Personal name ইসলাম, মোহাম্মদ আনিসুল
245 ## - TITLE STATEMENT
Title তথ্য ও যোগাযোগ প্রযুক্তি একাদশ -দ্বাদশ শ্রেণি /
Statement of responsibility, etc মোহাম্মদ আনিসুল ইসলাম এবং কাজী ইকবালুর রশীদ
260 ## - PUBLICATION, DISTRIBUTION, ETC. (IMPRINT)
Place of publication, distribution, etc ঢাকা :
Name of publisher, distributor, etc হাসান বুক হাউস,
Date of publication, distribution, etc ২০১৩.
300 ## - PHYSICAL DESCRIPTION
Pagination 240 p. :
Other physical details Ill. ;
Dimensions 25 cm.
650 ## - SUBJECT ADDED ENTRY--TOPICAL TERM
Topical term or geographic name as entry element Computer Science
650 ## - SUBJECT ADDED ENTRY--TOPICAL TERM
Topical term or geographic name as entry element Computer Engneering
700 ## - ADDED ENTRY--PERSONAL NAME
Personal name রশীদ, কাজী ইকবালুর
942 ## - ADDED ENTRY ELEMENTS (KOHA)
Source of classification or shelving scheme Dewey Decimal Classification
Koha item type Books
Holdings
Source of classification or shelving scheme Damaged status Not for loan Home library Current library Shelving location Date of accession Cost, normal purchase price Total Checkouts Full call number Barcode Date last seen Copy number Koha item type
Dewey Decimal Classification     JCC Rouf Library JCC Rouf Library General Stacks 12/18/2017 103.00   004 ISL 2013 7587 12/18/2017 C-1 Books
Dewey Decimal Classification     JCC Rouf Library JCC Rouf Library General Stacks 12/21/2017 103.00   004 ISL 2013 7588 12/21/2017 C-2 Books
Dewey Decimal Classification     JCC Rouf Library JCC Rouf Library General Stacks 02/12/2018 103.00   004 ISL 2013 10103 02/12/2018 C-3 Books
Dewey Decimal Classification     JCC Rouf Library JCC Rouf Library General Stacks 03/22/2018 84.00   004 ISL 2013 11303 03/22/2018 C-4 Books

JCC Library | Contacts | JCC Home

Last Update on 23 September 2017
Copyright @ 2017-2020 JCC Rouf Library
Rouf Library, Jhenidah Cadet College (JCC), Bangladesh